000
00486nam a2200133Ia 4500
008
100328s9999 xx 000 0 und d
082
_b
49918
100
_a
स्वामी चैतन्य किर्ती
245
_a
ओशो-शिक्षा में क्रांती
260
_b
रेबल
630
_a
ओशो-शिक्षा में क्रांती
730
_a
ओशो-शिक्षा में क्रांती
942
_c
BOOK
999
_c
537159
_d
537156